| 000 | 00421nam a22001697a 4500 | ||
|---|---|---|---|
| 003 | OSt | ||
| 005 | 20220128092856.0 | ||
| 008 | 220128b |||||||| |||| 00| 0 eng d | ||
| 020 | _a02560017175 | ||
| 040 | _cHU | ||
| 082 | _a658 | ||
| 100 |
_aGLOVER DEAMOND JOHN _928969 |
||
| 245 | _aTHE ADMINSTERATION CASES ON HUMAN ASPECTS OF MANGEMENT | ||
| 260 |
_aLONDON _bENGLAD _c1973 |
||
| 300 | _a742 | ||
| 942 |
_2ddc _cBOOKS _n0 |
||
| 999 |
_c28280 _d28280 |
||